Normal view
MARC view
- Social advocacy
Entry Topical Term
001 - CONTROL NUMBER
- control field: 94955
003 - CONTROL NUMBER IDENTIFIER
- control field: NUST
005 - DATE AND TIME OF LATEST TRANSACTION
- control field: 20220725152714.0
008 - FIXED-LENGTH DATA ELEMENTS
- fixed length control field: 220725|| aca||aabn | a|a d
040 ## - CATALOGING SOURCE
- Original cataloging agency: NUST
- Transcribing agency: NUST
150 ## - HEADING--TOPICAL TERM
- Topical term or geographic name entry element: Social advocacy
670 ## - SOURCE DATA FOUND
- Source citation: Work cat.: (NUST)0: Linville, Heather A., author. 94954, Advocacy in English language teaching and learning
